| 000 | 01313nam0a22002531 4500 | ||
|---|---|---|---|
| 001 | rc\3400828 | ||
| 005 | 20260407133031.0 | ||
| 021 |
_aRU _bРг2668-74 |
||
| 021 |
_aRU _b74-8405 |
||
| 035 | _a(NLR Aleph) 007546382 | ||
| 090 |
_a9794891 _c9794891 |
||
| 100 | _a20130115d1973 |||y0rusy50 ca | ||
| 101 | 0 | _arus | |
| 102 | _aRU | ||
| 105 | _aa z ||||| | ||
| 200 | 1 |
_aРекомендации по реконструкции и комплексной механизации откормочных ферм молодняка крупного рогатого скота _fВсерос. науч.-исслед. и проектно-технол. ин-т механизации и электрификации сельск. хоз-ва (ВНИПТИМЭСХ). Рост. обл. упр. сельск. хоз-ва |
|
| 210 |
_aЗерноград _cБ. и. _d1973 |
||
| 215 |
_a27 с. _cил. _d20 |
||
| 712 | 0 | 2 |
_aВсероссийский научно-исследовательский и проектно-технологический институт механизации и электрификации сельского хозяйства _cЗерноград _9487513 _3RU\NLR\AUTH\889995286 |
| 801 | 0 |
_aRU _bNLR _gpsbo |
|
| 801 | 1 |
_aRU _bELAR _2rusmarc |
|
| 852 |
_aNLR _j73-4/45572 |
||
| 942 | _cBOOK | ||
| 980 | _aNB | ||